000 00630nam a2200169Ia 4500
008 090201s9999 xx 000 0 und d
010 _aKPL-45037
040 _bमराठी
041 _aमराठी
082 _a11994
_b45037
100 _aमहात्मा ज्योतिबा फुले
245 _aसार्वजनिक सत्य
_cमहात्मा ज्योतिबा फुले
260 _c2004
_bश्री गजानन बुक डेपो प्रकाशन
300 _a76
_bमोठा
600 _aसार्वजनिक सत्य
942 _cBOOK
999 _c212365
_d212365